[Event "Miedzyzdroje op"]
[Site "Miedzyzdroje"]
[Date "2011.05.07"]
[Round "9"]
[White "Jacek, Krystian"]
[Black "Kazek, Krzysztof"]
[Result "1-0"]
[WhiteElo "2088"]
[BlackElo "2000"]
[PlyCount "49"]
[EventDate "2011.05.01"]
[EventType "swiss"]
[EventRounds "9"]
[EventCountry "POL"]
[SourceTitle "CBM 142 Extra"]
[Source "ChessBase"]
[SourceDate "2011.06.27"]
[SourceVersion "1"]
[SourceVersionDate "2011.06.27"]
[SourceQuality "1"]

1. e4 c5 2. Nf3 e6 3. d4 cxd4 4. Nxd4 Nc6 5. Nc3 Qc7 6. Be2 a6 7. Be3 Nf6 8. 0-0 Be7 9. f4 d6 10. Qe1 0-0 11. Qg3 Nxd4 12. Bxd4 b5 13. a3 Bb7 14. Rae1 Rad8 15. Kh1 Bc6 16. Bd3 Rd7 17. Nd5 exd5 18. exd5 Ne8 19. dxc6 Qxc6 20. Bf5 Rc7 21. Rxe7 Rxe7 22. Qh4 f6 23. Qxh7+ Kf7 24. Qh5+ Kg8 25. Bh7+ 1-0

[Event "Miedzyzdroje op"]
[Site "Miedzyzdroje"]
[Date "2011.05.04"]
[Round "6"]
[White "Kazek, Krzysztof"]
[Black "Jagodzinski, Piotr"]
[Result "0-1"]
[WhiteElo "2000"]
[BlackElo "2155"]
[PlyCount "102"]
[EventDate "2011.05.01"]
[EventType "swiss"]
[EventRounds "9"]
[EventCountry "POL"]
[SourceTitle "CBM 142 Extra"]
[Source "ChessBase"]
[SourceDate "2011.06.27"]
[SourceVersion "1"]
[SourceVersionDate "2011.06.27"]
[SourceQuality "1"]

1. c4 Nf6 2. Nf3 b6 3. g3 Bb7 4. Bg2 e6 5. 0-0 Be7 6. d4 0-0 7. Nc3 d6 8. d5 e5 9. e4 Nbd7 10. Ne1 a6 11. Nd3 b5 12. cxb5 axb5 13. Be3 Qb8 14. Nb4 Nc5 15. Qe2 Na6 16. Qxb5 Nxb4 17. Qxb4 Ba6 18. Qxb8 Rfxb8 19. Rfb1 Ng4 20. Bf1 Nxe3 21. fxe3 Bg5 22. Nd1 Rb4 23. Rc1 Bxf1 24. Kxf1 Ra7 25. Rc3 Rxe4 26. Rac1 Bd8 27. a3 Rea4 28. Rc4 R4a5 29. e4 f5 30. Nc3 g6 31. b4 Bg5 32. bxa5 Bxc1 33. Nb5 Rxa5 34. a4 Be3 35. Nxc7 fxe4 36. Nb5 Bc5 37. Rxe4 Ra8 38. Ke1 Rf8 39. a5 Rb8 40. Nc7 Bb4+ 41. Ke2 Bxa5 42. Ne6 Rb5 43. Rc4 Rxd5 44. Rc8+ Kf7 45. Ng5+ Kg7 46. Ra8 h6 47. Ne4 Bb6 48. Rb8 Rd4 49. Rb7+ Kf8 50. Nf6 Bd8 51. Nd7+ Ke8 0-1

[Event "Chorzow op 45th"]
[Site "Chorzow"]
[Date "2009.03.31"]
[Round "4"]
[White "Kazek, Krzysztof"]
[Black "Bogacki, Henryk"]
[Result "1-0"]
[WhiteElo "2029"]
[BlackElo "1554"]
[PlyCount "56"]
[EventDate "2009.03.28"]
[EventType "swiss"]
[EventRounds "9"]
[EventCountry "POL"]
[SourceTitle "CBM 129 Extra"]
[Source "ChessBase"]
[SourceDate "2009.05.05"]
[SourceVersion "2"]
[SourceVersionDate "2009.05.20"]
[SourceQuality "1"]

1. c4 c6 2. d4 d5 3. Nf3 Nf6 4. e3 e6 5. Bd3 Nbd7 6. 0-0 Bd6 7. Nbd2 0-0 8. e4 dxe4 9. Nxe4 Nxe4 10. Bxe4 Nf6 11. Bc2 h6 12. Qe2 c5 13. dxc5 Bxc5 14. Bf4 Qe7 15. Be5 Bd6 16. Rad1 Bxe5 17. Nxe5 Bd7 18. Rd4 Rac8 19. Rfd1 Bc6 20. Qd3 Qc7 21. Ng4 Ne4 22. Rxe4 Bxe4 23. Qxe4 g6 24. Nxh6+ Kg7 25. Ng4 Qxc4 26. Qe5+ f6 27. Rd7+ Kh8 28. Nxf6 Rc5 1-0

[Event "Tarnowskie Gory Piasta Memorial 6th"]
[Site "Tarnowskie Gory"]
[Date "2008.07.27"]
[Round "3.8"]
[White "Janiszewski, Maciej"]
[Black "Kazek, Krzysztof"]
[Result "1-0"]
[WhiteElo "2072"]
[BlackElo "2090"]
[PlyCount "77"]
[EventDate "2008.07.26"]
[EventType "swiss"]
[EventRounds "10"]
[EventCountry "POL"]
[SourceTitle "EXT 2023"]
[Source "ChessBase"]
[SourceDate "2022.10.05"]
[SourceVersion "1"]
[SourceVersionDate "2022.10.05"]
[SourceQuality "1"]

1. e4 c5 2. Nf3 e6 3. d4 cxd4 4. Nxd4 a6 5. Nc3 Qc7 6. g3 Nc6 7. Bg2 Nf6 8. 0-0 d6 9. Re1 Rb8 10. a4 Be7 11. Be3 0-0 12. f4 Bd7 13. Nb3 b6 14. g4 Bc8 15. g5 Nd7 16. Qh5 g6 17. Qh6 Re8 18. Rf1 Nb4 19. Rf2 Bb7 20. Raf1 Bf8 21. Qh3 Bg7 22. f5 Ne5 23. Nd4 Qd7 24. f6 Bf8 25. Rf4 h5 26. Bf3 Nxf3+ 27. R1xf3 d5 28. e5 Qc7 29. Rh4 Qxe5 30. Rxh5 gxh5 31. Qxh5 Bg7 32. Nce2 Rbc8 33. Bf4 Qe4 34. fxg7 Qh7 35. Qxh7+ Kxh7 36. Be5 Nxc2 37. Bf6 Nxd4 38. Rh3+ Kg6 39. Nxd4 1-0

[Event "Tarnowskie Gory Piasta Memorial 6th"]
[Site "Tarnowskie Gory"]
[Date "2008.07.26"]
[Round "1.10"]
[White "Jany, Mariusz"]
[Black "Kazek, Krzysztof"]
[Result "0-1"]
[WhiteElo "1785"]
[BlackElo "2090"]
[PlyCount "114"]
[EventDate "2008.07.26"]
[EventType "swiss"]
[EventRounds "10"]
[EventCountry "POL"]
[SourceTitle "EXT 2023"]
[Source "ChessBase"]
[SourceDate "2022.10.05"]
[SourceVersion "1"]
[SourceVersionDate "2022.10.05"]
[SourceQuality "1"]

1. e4 c5 2. Nf3 e6 3. c3 Nf6 4. e5 Nd5 5. d4 cxd4 6. cxd4 b6 7. a3 Bb7 8. Be2 Be7 9. 0-0 0-0 10. Nc3 Nxc3 11. bxc3 d6 12. Bf4 dxe5 13. Bxe5 Nd7 14. Bg3 Rc8 15. Qd2 Nf6 16. Qd3 Ne4 17. Rfc1 Nxg3 18. hxg3 Bf6 19. Qe3 Qd6 20. Nd2 e5 21. dxe5 Qxe5 22. Qxe5 Bxe5 23. Nc4 Bb8 24. Ne3 Rcd8 25. Rd1 Be5 26. Rxd8 Rxd8 27. Rd1 Rxd1+ 28. Nxd1 Bc6 29. c4 Kf8 30. Ne3 Bb2 31. Nc2 Ke7 32. f3 Ba4 33. Bd3 h6 34. Kf2 Kd6 35. Ne3 g6 36. Ke2 Bxa3 37. Ng4 h5 38. Nf6 Ke5 39. Ne4 Kd4 40. Ng5 Be8 41. Ne4 Be7 42. Nf2 a5 43. g4 hxg4 44. Nxg4 a4 45. Ne3 a3 46. Bb1 Bc6 47. Nd5 Bxd5 48. cxd5 Kc3 49. Ba2 Kb2 50. d6 Bxd6 51. Bxf7 a2 52. Bxa2 Kxa2 53. Kd3 b5 54. Kc3 b4+ 55. Kd4 b3 56. g4 Bf4 57. Ke4 g5 0-1

[Event "Rowy op-A 17th"]
[Site "Rowy"]
[Date "2008.06.17"]
[Round "5.12"]
[White "Raszkiewicz, Agnieszka"]
[Black "Kazek, Krzysztof"]
[Result "1/2-1/2"]
[WhiteElo "1833"]
[BlackElo "2114"]
[PlyCount "37"]
[EventDate "2008.06.14"]
[EventType "swiss"]
[EventRounds "9"]
[EventCountry "POL"]
[SourceTitle "EXT 2023"]
[Source "ChessBase"]
[SourceDate "2022.10.05"]
[SourceVersion "1"]
[SourceVersionDate "2022.10.05"]
[SourceQuality "1"]

1. e4 c5 2. Nf3 e6 3. d3 Nc6 4. g3 d5 5. Nbd2 g6 6. Bg2 Bg7 7. 0-0 Nge7 8. Nb3 b6 9. Rb1 0-0 10. Bg5 h6 11. exd5 exd5 12. Bf4 Bf5 13. Re1 g5 14. Bd2 Qd7 15. h4 f6 16. Qe2 Rae8 17. Qf1 Ng6 18. Rxe8 Rxe8 19. Re1 1/2-1/2

[Event "Rowy op-A 17th"]
[Site "Rowy"]
[Date "2008.06.17"]
[Round "4.14"]
[White "Stankiewicz, Edward"]
[Black "Kazek, Krzysztof"]
[Result "1/2-1/2"]
[WhiteElo "1899"]
[BlackElo "2114"]
[PlyCount "44"]
[EventDate "2008.06.14"]
[EventType "swiss"]
[EventRounds "9"]
[EventCountry "POL"]
[SourceTitle "EXT 2023"]
[Source "ChessBase"]
[SourceDate "2022.10.05"]
[SourceVersion "1"]
[SourceVersionDate "2022.10.05"]
[SourceQuality "1"]

1. e4 c5 2. Nf3 a6 3. d4 cxd4 4. Nxd4 Nc6 5. Nc3 Qc7 6. Be3 e6 7. Qd2 Nf6 8. f3 Bb4 9. a3 Be7 10. Be2 b5 11. 0-0 0-0 12. f4 Nxd4 13. Qxd4 d6 14. Qd2 Bb7 15. Bf3 Rad8 16. Qf2 Rc8 17. Rac1 Bc6 18. h4 a5 19. Bb6 Qb7 20. Bxa5 Nxe4 21. Nxe4 Bxe4 22. Bxe4 Qxe4 1/2-1/2

[Event "Rowy op-A 17th"]
[Site "Rowy"]
[Date "2008.06.15"]
[Round "2.15"]
[White "Mockun, Dawid"]
[Black "Kazek, Krzysztof"]
[Result "1/2-1/2"]
[WhiteElo "1627"]
[BlackElo "2114"]
[PlyCount "37"]
[EventDate "2008.06.14"]
[EventType "swiss"]
[EventRounds "9"]
[EventCountry "POL"]
[SourceTitle "EXT 2023"]
[Source "ChessBase"]
[SourceDate "2022.10.05"]
[SourceVersion "1"]
[SourceVersionDate "2022.10.05"]
[SourceQuality "1"]

1. e4 c5 2. Nf3 e6 3. d4 cxd4 4. Nxd4 Nc6 5. Be3 Nf6 6. Nd2 a6 7. a3 Qc7 8. Nxc6 bxc6 9. Bd3 Be7 10. 0-0 0-0 11. Qf3 e5 12. Qg3 d6 13. f4 Ng4 14. f5 Nxe3 15. Qxe3 Qa7 16. Qxa7 Rxa7 17. Nc4 Rd8 18. Na5 Bd7 19. c4 1/2-1/2

[Event "Chorzow op"]
[Site "Chorzow"]
[Date "2008.04.01"]
[Round "6"]
[White "Kazek, Krzysztof"]
[Black "Kaczmarek, Aleksander"]
[Result "1/2-1/2"]
[WhiteElo "2114"]
[BlackElo "1837"]
[PlyCount "70"]
[EventDate "2008.03.29"]
[EventType "swiss"]
[EventRounds "9"]
[EventCountry "POL"]
[SourceTitle "EXT 2010"]
[Source "ChessBase"]
[SourceDate "2010.11.25"]
[SourceVersion "1"]
[SourceVersionDate "2010.11.25"]
[SourceQuality "1"]

1. Nf3 d5 2. c4 d4 3. g3 c5 4. e3 Nc6 5. exd4 cxd4 6. Bg2 e5 7. d3 Bf5 8. 0-0 Bd6 9. Na3 a6 10. Nc2 Nf6 11. b4 0-0 12. Nh4 Bg4 13. Qd2 Qd7 14. a4 Be7 15. Bb2 Rfe8 16. b5 Nd8 17. Kh1 Nh5 18. Nf3 Bd6 19. Ng5 f6 20. Ne4 Bf8 21. f3 Be6 22. f4 f5 23. Ng5 Nf7 24. fxe5 Be7 25. Nxe6 Qxe6 26. Nxd4 Qg6 27. Rxf5 Nh6 28. Rff1 Bc5 29. Bxb7 Rad8 30. Bd5+ Kh8 31. Nc6 Ng4 32. Nxd8 Nxg3+ 33. hxg3 Qh5+ 34. Kg2 Qh2+ 35. Kf3 Qxd2 1/2-1/2

[Event "Chorzow op"]
[Site "Chorzow"]
[Date "2008.03.29"]
[Round "2"]
[White "Dluski, Emil"]
[Black "Kazek, Krzysztof"]
[Result "1/2-1/2"]
[WhiteElo "1919"]
[BlackElo "2114"]
[PlyCount "76"]
[EventDate "2008.03.29"]
[EventType "swiss"]
[EventRounds "9"]
[EventCountry "POL"]
[SourceTitle "EXT 2010"]
[Source "ChessBase"]
[SourceDate "2010.11.25"]
[SourceVersion "1"]
[SourceVersionDate "2010.11.25"]
[SourceQuality "1"]

1. e4 c5 2. g3 Nc6 3. Bg2 g6 4. Ne2 Bg7 5. c3 e5 6. 0-0 Nge7 7. b3 0-0 8. Bb2 d5 9. exd5 Nxd5 10. d4 cxd4 11. cxd4 exd4 12. Nxd4 Nde7 13. Nxc6 Nxc6 14. Bxg7 Kxg7 15. Nc3 Be6 16. Qc1 Rc8 17. Rd1 Qf6 18. Ne4 Qe5 19. f4 Qa5 20. Qb2+ f6 21. Rd6 Rce8 22. Rad1 Qc7 23. Ng5 Bc8 24. Bxc6 bxc6 25. Qc3 c5 26. b4 c4 27. Qd4 Qe7 28. Nf3 Qe3+ 29. Qxe3 Rxe3 30. Kf2 Ra3 31. R1d2 Ra4 32. b5 Rb4 33. Nd4 Re8 34. Rc6 Bg4 35. Rc7+ Kg8 36. Kg2 Rd8 37. h3 c3 38. Rxc3 Bf5 1/2-1/2

[Event "POL-chT 2nd League"]
[Site "Polanica Zdroj"]
[Date "2004.09.05"]
[Round "2"]
[White "Kazek, Krzysztof"]
[Black "Palosz, Andrzej"]
[Result "0-1"]
[WhiteElo "2209"]
[BlackElo "2172"]
[PlyCount "64"]
[EventDate "2004.09.04"]
[EventType "team-swiss"]
[EventRounds "11"]
[EventCountry "POL"]
[SourceTitle "CBM 102 Extra"]
[Source "ChessBase"]
[SourceDate "2004.11.03"]
[SourceVersion "1"]
[SourceVersionDate "2004.11.03"]
[SourceQuality "1"]
[WhiteTeam "Bytom Szombierki"]
[BlackTeam "Kielce Fart"]
[WhiteTeamCountry "POL"]
[BlackTeamCountry "POL"]

1. Nf3 Nf6 2. c4 g6 3. Nc3 d5 4. cxd5 Nxd5 5. Qa4+ Nc6 6. Ne5 Ndb4 7. a3 Nc2+ 8. Qxc2 Nxe5 9. g3 c6 10. Bg2 Bf5 11. d3 Bg7 12. 0-0 Qd7 13. Rd1 0-0 14. Qb3 Be6 15. Qa4 b5 16. Qc2 f5 17. d4 Ng4 18. e3 Rac8 19. f3 Nf6 20. b4 g5 21. Bb2 Bc4 22. e4 fxe4 23. Nxe4 Qf5 24. Nxf6+ Qxf6 25. Re1 Bd5 26. Re3 Rf7 27. Rae1 Qd6 28. R1e2 Bc4 29. Rd2 Rd8 30. Qc3 e5 31. Qc1 exd4 32. Re4 c5 0-1

[Event "POL-chT 2nd League"]
[Site "Polanica Zdroj"]
[Date "2004.09.??"]
[Round "1"]
[White "Robak, Zbigniew"]
[Black "Kazek, Krzysztof"]
[Result "1-0"]
[WhiteElo "2285"]
[BlackElo "2209"]
[PlyCount "49"]
[EventDate "2004.09.04"]
[EventType "team-swiss"]
[EventRounds "11"]
[EventCountry "POL"]
[SourceTitle "CBM 102 Extra"]
[Source "ChessBase"]
[SourceDate "2004.11.03"]
[SourceVersion "1"]
[SourceVersionDate "2004.11.03"]
[SourceQuality "1"]
[WhiteTeam "Bydgoszcz Chemik"]
[BlackTeam "Bytom Szombierki"]
[WhiteTeamCountry "POL"]
[BlackTeamCountry "POL"]

1. e4 c5 2. Nf3 e6 3. d4 cxd4 4. Nxd4 Nc6 5. Nc3 Qc7 6. Be3 a6 7. Bd3 b5 8. 0-0 Nf6 9. Qe2 Bb7 10. Rae1 Be7 11. Kh1 0-0 12. f4 b4 13. Na4 d6 14. f5 Nxd4 15. Bxd4 e5 16. Bg1 Rfe8 17. c4 Nd7 18. b3 Nc5 19. Bxc5 dxc5 20. Rf3 f6 21. Rh3 Bf8 22. Qh5 h6 23. Qg6 Kh8 24. Ree3 Bd6 25. Rxh6+ 1-0

[Event "POL-chT 58th 2nd League"]
[Site "Wisla"]
[Date "2002.??.??"]
[Round "?"]
[White "Kazek, Krzysztof"]
[Black "Bakalarz, Leszek"]
[Result "1-0"]
[WhiteElo "2208"]
[BlackElo "2183"]
[PlyCount "40"]
[EventDate "2002.08.30"]
[EventType "team-swiss"]
[EventRounds "11"]
[EventCountry "POL"]
[SourceTitle "EXT 2019"]
[Source "ChessBase"]
[SourceDate "2018.10.10"]
[SourceVersion "1"]
[SourceVersionDate "2018.10.10"]
[SourceQuality "1"]

1. Nf3 c5 2. c4 Nc6 3. Nc3 g6 4. e3 Bg7 5. d4 b6 6. Be2 d6 7. 0-0 Bd7 8. d5 Ne5 9. Nd2 f5 10. h3 Nf6 11. f4 Nf7 12. e4 e5 13. dxe6 Bxe6 14. exf5 gxf5 15. Bf3 Rc8 16. Re1 Qd7 17. Nf1 0-0 18. Ne3 Rfe8 19. a4 Nd8 20. Nb5 Bf8 1-0

[Event "POL-chT 58th 2nd League"]
[Site "Wisla"]
[Date "2002.??.??"]
[Round "?"]
[White "Kazek, Krzysztof"]
[Black "Tomczyk, Marian"]
[Result "1/2-1/2"]
[WhiteElo "2208"]
[BlackElo "2161"]
[PlyCount "38"]
[EventDate "2002.08.30"]
[EventType "team-swiss"]
[EventRounds "11"]
[EventCountry "POL"]
[SourceTitle "EXT 2019"]
[Source "ChessBase"]
[SourceDate "2018.10.10"]
[SourceVersion "1"]
[SourceVersionDate "2018.10.10"]
[SourceQuality "1"]

1. Nf3 Nf6 2. c4 c5 3. g3 g6 4. Bg2 Bg7 5. 0-0 0-0 6. d4 cxd4 7. Nxd4 Nc6 8. Nc3 Qb6 9. Nc2 d6 10. b3 Be6 11. Bd2 Nh5 12. e4 Qd8 13. Ne3 Qd7 14. Rc1 Bh3 15. Ncd5 Bxg2 16. Kxg2 Nf6 17. Nxf6+ Bxf6 18. Nd5 Bg7 19. Be3 f5 1/2-1/2

[Event "Bytom op"]
[Site "Bytom"]
[Date "1994.??.??"]
[Round "?"]
[White "Kazek, Krzysztof"]
[Black "Dubiel, Jacek"]
[Result "1/2-1/2"]
[WhiteElo "2325"]
[BlackElo "2395"]
[PlyCount "30"]
[EventDate "1994.??.??"]
[EventType "swiss"]
[EventRounds "9"]
[EventCountry "POL"]
[SourceTitle "EXT 1998"]
[Source "ChessBase"]
[SourceDate "1997.11.17"]
[SourceVersion "1"]
[SourceVersionDate "1997.11.17"]
[SourceQuality "1"]

1. Nf3 d5 2. c4 e6 3. g3 Nf6 4. Bg2 Be7 5. 0-0 0-0 6. b3 c5 7. Bb2 Nc6 8. e3 b6 9. Nc3 Ba6 10. Qe2 Qc7 11. Nb5 Bxb5 12. cxb5 Na5 13. Rfc1 Rac8 14. d4 Qd8 15. Bc3 Nd7 1/2-1/2

[Event "Zabrzanski Wrzesien op"]
[Site "Zabrzanski Wrzesien"]
[Date "1994.??.??"]
[Round "?"]
[White "Kazek, Krzysztof"]
[Black "Osipow, Nikolaj"]
[Result "1/2-1/2"]
[WhiteElo "2310"]
[BlackElo "2225"]
[PlyCount "40"]
[EventDate "1994.??.??"]
[EventType "swiss"]
[EventRounds "9"]
[EventCountry "POL"]
[SourceTitle "EXT 1999"]
[Source "ChessBase"]
[SourceDate "1998.11.16"]
[SourceVersion "1"]
[SourceVersionDate "1998.11.16"]
[SourceQuality "1"]

1. Nf3 d5 2. c4 e6 3. g3 Nf6 4. Bg2 Be7 5. 0-0 0-0 6. d4 dxc4 7. Qc2 a6 8. a4 Bd7 9. Qxc4 Bc6 10. Bg5 Nbd7 11. Nc3 Ne4 12. Bxe7 Qxe7 13. Nxe4 Bxe4 14. Qxc7 Rac8 15. Qf4 Nf6 16. Rfc1 Qb4 17. Qd2 Rxc1+ 18. Qxc1 Bxf3 19. Bxf3 Qxd4 20. Ra3 Nd5 1/2-1/2

[Event "Zabrzanski Wrzesien op"]
[Site "Zabrzanski Wrzesien"]
[Date "1994.??.??"]
[Round "?"]
[White "Kazek, Krzysztof"]
[Black "Szczygiel, Agnieszka"]
[Result "1-0"]
[WhiteElo "2310"]
[BlackElo "2120"]
[PlyCount "61"]
[EventDate "1994.??.??"]
[EventType "swiss"]
[EventRounds "9"]
[EventCountry "POL"]
[SourceTitle "EXT 1999"]
[Source "ChessBase"]
[SourceDate "1998.11.16"]
[SourceVersion "1"]
[SourceVersionDate "1998.11.16"]
[SourceQuality "1"]

1. Nf3 Nf6 2. c4 c5 3. Nc3 Nc6 4. g3 d5 5. cxd5 Nxd5 6. Bg2 Nc7 7. Qa4 Bd7 8. Qe4 f6 9. d4 cxd4 10. Nxd4 e5 11. Nb3 Be7 12. 0-0 0-0 13. Rd1 Qc8 14. Be3 f5 15. Qd3 Be6 16. Bc5 e4 17. Qe3 Bxc5 18. Nxc5 Bf7 19. f3 exf3 20. Qxf3 Be8 21. Rd6 Rb8 22. Rad1 Ne5 23. Qf4 Nf7 24. R6d3 Nb5 25. Nb3 Bc6 26. Nd5 Bxd5 27. Bxd5 Qc7 28. Bc4 Qb6+ 29. Kg2 Rbc8 30. a4 Nc7 31. Rd6 1-0